000 00243nam a2200097Ia 4500
008 170619s9999 xx 000 0 und d
100 _aMitchell- Melanie
245 3 _aAn introduction to genetic algorithms
260 _bNew Delhi: PHI
260 _c2002
546 _aENGLISH
999 _c17922
_d17922